Eurozóna a stabilita menovej politiky bakalárska práca

Salvato in:
Dettagli Bibliografici
Autore principale: Polák, Adam
Ente Autore: Národohospodárska fakulta EU. Katedra financií
Altri autori: Keruľ, Tomáš
Natura: Libro
Lingua:slovacco
Pubblicazione: Bratislava 2009
Tags: Aggiungi Tag
Nessun Tag, puoi essere il primo ad aggiungerne!!

MARC

LEADER 00000nam$a2200000$$$4500
001 0103627
005 20240318141255.3
041 0 |a slo 
044 |a SK 
245 1 0 |a Eurozóna a stabilita menovej politiky  |b bakalárska práca  |c Adam Polák ; škol. Tomáš Keruľ 
264 1 |a Bratislava  |c 2009 
300 |a 34 s. 
100 1 |a Polák, Adam 
700 1 |a Keruľ, Tomáš 
710 2 |a Národohospodárska fakulta EU. Katedra financií